000 00490nam a22001817a 4500
003 MPLRDC
005 20220104160849.0
008 210129b ||||| |||| 00| 0 eng d
020 _a986-7485-11-4
082 _a312.9163 XHY
100 _a徐蕙英
245 _aDREAMWEAVER MX2004中文版动态网页设计
_c
250 _a初版
260 _a台湾
_b网奕资讯科技股份有限公司
_c2004
300 _bCD一个
650 _a通讯网路架构
942 _cBK
_o312.9163 XHY
999 _c55205
_d55195